000 00292nam a22001337a 4500
008 171021b xxu||||| |||| 00| 0 eng d
020 _a9780785274315
041 _aeng
080 _a658
100 _a54
101 _aLID
245 _aLAWS OF LEADERSHIP
_cMAXWELLL, J.C
942 _2udc
_cBK
999 _c35278
_d35278